000 00571nam a2200217Ia 4500
003 OSt
005 20230603113249.0
008 210423s2016 xx 000 0 und d
020 _a978-81-316-0813-5
040 _cAL
041 _aeng
082 _a361.3 THOS
100 _aTHOMAS (Gracious)
_9119218
245 _aSocial work: the value based profession
260 _aJaipur
_bRawat Publications
_c2016
300 _a232
_bHB
365 _b850
_cINR
650 _aSocial Work
_9119219
906 _abased ; profession ; Social ; value ; work:
942 _2ddc
_cBK
999 _c176538
_d176538